| 000 | 01282nam a22002297a 4500 | ||
|---|---|---|---|
| 999 |
_c59390 _d59390 |
||
| 003 | Ge_BSU | ||
| 005 | 20230208130933.0 | ||
| 008 | 230208s2005 ge ||||| |||| 00| 0 geo d | ||
| 020 | _a 9994002325 | ||
| 041 | _ageo | ||
| 080 | _a336.71(042.4) ც-12 | ||
| 100 |
_aცაავა, გიორგი _913902 |
||
| 245 |
_aსაბანკო საქმე = Banking = Банковское дело : ლექციების კურსი : _b[დამხმ. სახელმძღვ. ეკონ. ფაკ. სტუდ. / _cმეცნ.-რედ.: ჯამლეთ შათირიშვილი, კარლო ღურწკაია]. |
||
| 264 |
_aთბილისი : _bაფხაზეთის მეცნ. აკად. გამ-ბა : _c2005. |
||
| 300 |
_a663 გვ. : _bცხრ., სქემ. ; _c20 სმ. |
||
| 504 | _a ბიბლიოგრ. ტექსტ. შენიშვნ. და გვ. 660-663. | ||
| 653 | _aსაბანკო საქმე | ||
| 653 | _aეკონომიკა | ||
| 700 |
_aშათირიშვილი, ჯამლეთ _eრედაქტორი _916866 |
||
| 700 |
_aღურწკაია, კარლო _eრედაქტორი _93333 |
||
| 942 |
_2udc _cBK |
||